| 000 | 00696nam a22002172 4500 | ||
|---|---|---|---|
| 001 | 26385 | ||
| 003 | BD-RjUL | ||
| 005 | 20211209051017.0 | ||
| 008 | 140322s1938 enk 000 0 eng d | ||
| 035 |
_aOCLC ocm31915151 from D961125M _a(BD-RjUL)26455 |
||
| 040 |
_aDGU _cDGU _dBD-RjUL _beng |
||
| 041 | _aeng | ||
| 082 |
_a365.65 _bSOR 1938 |
||
| 100 | 1 |
_aSolonevich, Ivan _d1891-1953. _981122 |
|
| 245 | 1 | 0 |
_aRussia in chains : a record of unspeakable suffering / _cTranslate by Harrow, Warren |
| 260 |
_aLondon : _bWilliams and Northgate, Ltd., _c1938. |
||
| 300 |
_a[6] 314 p. ; _c19 cm. |
||
| 650 |
_aConvict labor Soviet Union _981123 |
||
| 700 |
_aHarrow, Warren _981124 |
||
| 942 |
_2ddc _cBK |
||
| 999 |
_c26385 _d26385 |
||